00285pab a2200121 454500008004000000100001700040245003000057260000900087300000900096362001200105650003100117773001500148180718b1985 xxu||||| |||| 00| 0 eng d aBedi, P.N.S. aA book - Keeper's Labours c1985 a31-3 a23 Mar. aRailways - Budgets - India aMainstream